[Event "BCF-chT2a 1617 (4NCL)"]
[Site "England"]
[Date "2016.11.20"]
[Round "2.33"]
[White "Edgell, Ben P"]
[Black "Thompson, Ian D"]
[Result "1-0"]
[WhiteElo "2131"]
[BlackElo "2177"]
[PlyCount "83"]
[EventDate "2016.11.19"]
[EventType "team-tourn"]
[EventRounds "11"]
[EventCountry "ENG"]
[SourceTitle "EXT 2019"]
[Source "ChessBase"]
[SourceDate "2018.10.10"]
[SourceVersion "1"]
[SourceVersionDate "2018.10.10"]
[SourceQuality "1"]
[WhiteTeam "West is Best"]
[BlackTeam "CSC Dragons"]
[WhiteTeamCountry "ENG"]
[BlackTeamCountry "ENG"]

1. d4 d5 2. Nf3 Nf6 3. c4 c6 4. Qc2 g6 5. g3 Bg7 6. Bg2 0-0 7. 0-0 Bf5 8. Qb3 Qc8 9. Bf4 dxc4 10. Qxc4 Nbd7 11. Rc1 Nb6 12. Qb3 Nfd5 13. Bd2 Be4 14. a4 Rd8 15. a5 Nd7 16. Nc3 Nxc3 17. Bxc3 Bd5 18. Qa3 Bf8 19. Bb4 Re8 20. Bh3 f5 21. Bg2 Qd8 22. a6 b6 23. Ng5 e6 24. Bxf8 Nxf8 25. Nf3 Nd7 26. Qd6 c5 27. b4 cxb4 28. Qxb4 Rc8 29. Qb5 Nb8 30. Rxc8 Qxc8 31. Ne5 Bxg2 32. Kxg2 Re7 33. h4 Rc7 34. h5 Kg7 35. Nf3 Nd7 36. hxg6 hxg6 37. d5 exd5 38. Qxd5 Nf6 39. Qe5 Qd8 40. Ng5 Qe7 41. Ne6+ Kf7 42. Qxc7 1-0

[Event "BCF-chT3Sc 1516 (4NCL)"]
[Site "England"]
[Date "2016.05.02"]
[Round "11.57"]
[White "Garnett, John S"]
[Black "Edgell, Ben P"]
[Result "1/2-1/2"]
[WhiteElo "1969"]
[BlackElo "2130"]
[PlyCount "62"]
[EventDate "2016.03.20"]
[EventType "team-swiss"]
[EventRounds "11"]
[EventCountry "ENG"]
[SourceTitle "EXT 2017"]
[Source "ChessBase"]
[SourceDate "2016.10.25"]
[SourceVersion "1"]
[SourceVersionDate "2016.10.25"]
[SourceQuality "1"]
[WhiteTeam "Ashfield Breadsall"]
[BlackTeam "West is Best"]
[WhiteTeamCountry "ENG"]
[BlackTeamCountry "ENG"]

1. d4 Nf6 2. Bg5 d5 3. e3 c6 4. Bxf6 exf6 5. c4 Bb4+ 6. Nc3 0-0 7. Qb3 Ba5 8. cxd5 Qxd5 9. Qxd5 cxd5 10. g3 Nc6 11. a3 Be6 12. Nge2 Rac8 13. Bg2 Ne7 14. 0-0 g5 15. Rac1 f5 16. b4 Bc7 17. Na4 Bd6 18. Nc5 b6 19. Nd3 f6 20. Rxc8 Rxc8 21. Rc1 Rc4 22. Rxc4 dxc4 23. Ne1 a5 24. bxa5 bxa5 25. Nc2 Nd5 26. Kf1 Kf7 27. Ke1 Bc7 28. e4 fxe4 29. Bxe4 Ne7 30. Ne3 f5 31. d5 fxe4 1/2-1/2

[Event "BCF-chT3S 1415 (4NCL)"]
[Site "England"]
[Date "2015.02.15"]
[Round "6.96"]
[White "Morley, Andrew J"]
[Black "Edgell, Ben P"]
[Result "1/2-1/2"]
[WhiteElo "2101"]
[BlackElo "2133"]
[PlyCount "59"]
[EventDate "2014.11.15"]
[EventType "team-swiss"]
[EventRounds "6"]
[EventCountry "ENG"]
[SourceTitle "EXT 2016"]
[Source "ChessBase"]
[SourceDate "2015.10.08"]
[SourceVersion "1"]
[SourceVersionDate "2015.10.08"]
[SourceQuality "1"]
[WhiteTeam "e2e4.org.uk II"]
[BlackTeam "West is Best"]
[WhiteTeamCountry "ENG"]
[BlackTeamCountry "ENG"]

1. e4 e5 2. Nf3 Nc6 3. Bb5 a6 4. Ba4 d6 5. c3 Bd7 6. 0-0 Nf6 7. Re1 Be7 8. d3 0-0 9. Nbd2 b5 10. Bc2 g6 11. Nf1 Nh5 12. Bh6 Re8 13. Ne3 Bf8 14. Bxf8 Kxf8 15. Nd5 Ne7 16. d4 Nxd5 17. exd5 f6 18. Qd2 Kg7 19. a4 Bg4 20. Re3 Nf4 21. dxe5 dxe5 22. h3 Bxf3 23. Rxf3 Qxd5 24. Qxd5 Nxd5 25. Be4 c6 26. Rd3 Rad8 27. axb5 axb5 28. Rad1 Re7 29. Bxd5 cxd5 30. Rxd5 1/2-1/2

[Event "BCF-chT3S 1415 (4NCL)"]
[Site "England"]
[Date "2015.02.14"]
[Round "5.96"]
[White "Edgell, Ben P"]
[Black "Page, Mark"]
[Result "1-0"]
[WhiteElo "2133"]
[BlackElo "2079"]
[PlyCount "97"]
[EventDate "2014.11.15"]
[EventType "team-swiss"]
[EventRounds "6"]
[EventCountry "ENG"]
[SourceTitle "EXT 2016"]
[Source "ChessBase"]
[SourceDate "2015.10.08"]
[SourceVersion "1"]
[SourceVersionDate "2015.10.08"]
[SourceQuality "1"]
[WhiteTeam "West is Best"]
[BlackTeam "Warwicks Select II"]
[WhiteTeamCountry "ENG"]
[BlackTeamCountry "ENG"]

1. d4 Nf6 2. Bg5 Ne4 3. Bf4 d5 4. e3 c5 5. c3 Nc6 6. Bd3 Nf6 7. Nd2 e6 8. a3 cxd4 9. cxd4 Bd6 10. Bxd6 Qxd6 11. f4 Ne7 12. Qe2 Qb6 13. Nb1 g6 14. Nc3 Nf5 15. Nf3 0-0 16. 0-0 Bd7 17. Ne5 Be8 18. Rac1 Nd6 19. Rc2 Nfe4 20. Bxe4 dxe4 21. Nc4 Nxc4 22. Qxc4 Bc6 23. Qc5 Qxc5 24. dxc5 Rfd8 25. b4 Rd3 26. Re1 a6 27. Kf2 e5 28. fxe5 Re8 29. Rd1 Rxd1 30. Nxd1 Rxe5 31. Rd2 Kf8 32. Nc3 Ke7 33. h4 f5 34. g3 Re6 35. Rd4 h6 36. a4 g5 37. b5 axb5 38. axb5 Be8 39. Rd5 Kf6 40. Rd8 f4 41. gxf4 Ke7 42. Rb8 gxh4 43. Rxb7+ Kd8 44. Rg7 Rg6 45. Rxg6 Bxg6 46. Ne2 Kc7 47. Nd4 Be8 48. b6+ Kb7 49. Kg2 1-0

[Event "BCF-chT3S 1415 (4NCL)"]
[Site "England"]
[Date "2015.01.10"]
[Round "3.76"]
[White "Edgell, Ben P"]
[Black "Punnett, Alan Kenneth"]
[Result "1-0"]
[WhiteElo "2133"]
[BlackElo "2050"]
[PlyCount "119"]
[EventDate "2014.11.15"]
[EventType "team-swiss"]
[EventRounds "6"]
[EventCountry "ENG"]
[SourceTitle "EXT 2016"]
[Source "ChessBase"]
[SourceDate "2015.10.08"]
[SourceVersion "1"]
[SourceVersionDate "2015.10.08"]
[SourceQuality "1"]
[WhiteTeam "West is Best"]
[BlackTeam "Guildford IV"]
[WhiteTeamCountry "ENG"]
[BlackTeamCountry "ENG"]

1. Nf3 Nf6 2. c4 g6 3. Nc3 Bg7 4. d4 d5 5. Bg5 c6 6. Bxf6 Bxf6 7. cxd5 cxd5 8. Qb3 e6 9. e3 0-0 10. Be2 b6 11. Rc1 Bb7 12. 0-0 Nc6 13. Qa4 Qe7 14. a3 Rfc8 15. b4 Bg7 16. Rc2 Qd8 17. Rfc1 a6 18. Qb3 Ne7 19. Na4 Bc6 20. Nb2 Bb7 21. Nd3 Rxc2 22. Rxc2 Rc8 23. Nfe5 Rxc2 24. Qxc2 Qc8 25. Qxc8+ Bxc8 26. g4 f6 27. Nf3 Nc6 28. g5 Kf7 29. h4 Ke7 30. Nf4 Kd6 31. h5 fxg5 32. Nxg5 gxh5 33. Nxh5 h6 34. Nxe6 Kxe6 35. Bg4+ Kf7 36. Bxc8 a5 37. Bb7 Ne7 38. Nf4 axb4 39. axb4 Kf6 40. Bxd5 b5 41. Be4 Bf8 42. Kg2 Nf5 43. Bc6 Bd6 44. Nd3 Ne7 45. Bxb5 Nd5 46. e4 Nf4+ 47. Nxf4 Bxf4 48. e5+ Kf5 49. Bd3+ Ke6 50. Kf3 Bd2 51. Ke4 Bxb4 52. f4 h5 53. d5+ Kf7 54. d6 h4 55. Bf1 Bc3 56. f5 Ba5 57. e6+ Kf6 58. e7 Kf7 59. Bc4+ Ke8 60. Bb5+ 1-0

[Event "BCF-chT3S 1314 (4NCL)"]
[Site "England"]
[Date "2014.01.12"]
[Round "4.86"]
[White "Ganger, Rajan"]
[Black "Edgell, Ben P"]
[Result "1/2-1/2"]
[WhiteElo "1991"]
[BlackElo "2091"]
[PlyCount "69"]
[EventDate "2013.11.16"]
[EventType "team-swiss"]
[EventRounds "6"]
[EventCountry "ENG"]
[SourceTitle "EXT 2015"]
[Source "ChessBase"]
[SourceDate "2014.11.20"]
[SourceVersion "1"]
[SourceVersionDate "2014.11.20"]
[SourceQuality "1"]
[WhiteTeam "e2e4.org.uk III"]
[BlackTeam "West is Best"]
[WhiteTeamCountry "ENG"]
[BlackTeamCountry "ENG"]

1. e4 e5 2. Nf3 Nc6 3. Bb5 a6 4. Ba4 d6 5. Bxc6+ bxc6 6. d4 exd4 7. Qxd4 Be6 8. c4 d5 9. cxd5 cxd5 10. exd5 Qxd5 11. 0-0 Qxd4 12. Nxd4 0-0-0 13. Nxe6 fxe6 14. Nc3 Nf6 15. Bg5 Bb4 16. Bxf6 gxf6 17. Ne4 Be7 18. Rac1 Kb7 19. Nc5+ Bxc5 20. Rxc5 Rd6 21. Rfc1 Rc8 22. Kf1 c6 23. Ke2 Rcd8 24. R1c2 e5 25. R5c3 a5 26. g3 Kb6 27. Ke3 R8d7 28. Rb3+ Kc7 29. Rbc3 Kb6 30. h4 Kb7 31. a3 Kb6 32. Ke4 Rd4+ 33. Ke3 R7d6 34. Rb3+ Kc7 35. Rbc3 1/2-1/2

[Event "BCF-chT1d 1213 (4NCL) Demotion pool"]
[Site "England"]
[Date "2013.03.24"]
[Round "8.174"]
[White "Edgell, Ben P"]
[Black "Redmond, John P"]
[Result "1/2-1/2"]
[WhiteElo "2099"]
[BlackElo "2236"]
[PlyCount "86"]
[EventDate "2012.11.03"]
[EventType "team-tourn"]
[EventRounds "4"]
[EventCountry "ENG"]
[SourceTitle "EXT 2014"]
[Source "ChessBase"]
[SourceDate "2013.11.20"]
[SourceVersion "1"]
[SourceVersionDate "2013.11.20"]
[SourceQuality "1"]
[WhiteTeam "Sambuca Sharks"]
[BlackTeam "South Wales Dragons"]
[WhiteTeamCountry "ENG"]
[BlackTeamCountry "ENG"]

1. Nf3 Nf6 2. c4 c6 3. g3 d5 4. Qc2 g6 5. d4 Bg7 6. Bg2 0-0 7. 0-0 a6 8. a4 a5 9. Ne5 Na6 10. cxd5 Nb4 11. Qb3 Nfxd5 12. Nc3 Nb6 13. Qd1 Be6 14. Bf4 Nc4 15. Nxc4 Bxc4 16. Be5 Bxe5 17. dxe5 Qxd1 18. Rfxd1 Rfd8 19. f4 Bb3 20. Rxd8+ Rxd8 21. Ne4 b6 22. Kf2 Nc2 23. Rc1 c5 24. Nc3 Nb4 25. Ke3 Nc2+ 26. Kf2 Nb4 27. Ke3 e6 28. Bb7 Rd7 29. Ba8 Rd8 30. Bb7 Kf8 31. h4 h5 32. Be4 Ke7 33. Ra1 Bc2 34. Rc1 Bb3 35. Ra1 Bc2 36. Rc1 Bxe4 37. Nxe4 Rd4 38. b3 Nd5+ 39. Kf3 Rb4 40. Nd2 Rd4 41. Nc4 Kd8 42. e4 Ne7 43. Ke3 Nc8 1/2-1/2

[Event "BCF-chT3 0910 (4NCL)"]
[Site "England"]
[Date "2009.10.25"]
[Round "2.1"]
[White "Edgell, Ben P"]
[Black "Pugh, Glyn D"]
[Result "1/2-1/2"]
[WhiteElo "2100"]
[BlackElo "1978"]
[PlyCount "61"]
[EventDate "2009.10.24"]
[EventType "team-tourn"]
[EventRounds "11"]
[EventCountry "ENG"]
[SourceTitle "EXT 2011"]
[Source "ChessBase"]
[SourceDate "2010.11.26"]
[SourceVersion "1"]
[SourceVersionDate "2010.11.26"]
[SourceQuality "1"]
[WhiteTeam "Sambuca Black Sheep"]
[BlackTeam "Halesowen"]
[WhiteTeamCountry "ENG"]
[BlackTeamCountry "ENG"]

1. d4 Nf6 2. Nf3 g6 3. g3 Bg7 4. Bg2 0-0 5. 0-0 d6 6. c4 Nbd7 7. Nc3 e5 8. e4 Re8 9. Re1 a6 10. d5 Nf8 11. b4 h6 12. c5 a5 13. Ba3 axb4 14. Bxb4 dxc5 15. Bxc5 N8d7 16. Bb4 c5 17. dxc6 bxc6 18. a4 Ng4 19. Qc2 Qb6 20. Reb1 Qa7 21. h3 Ngf6 22. Nd2 Ba6 23. Bf1 Bxf1 24. Nxf1 Qd4 25. Ba3 Reb8 26. Ne3 Rxb1+ 27. Rxb1 Bf8 28. Rd1 Qa7 29. Bxf8 Kxf8 30. Qd2 Qc5 31. Kg2 1/2-1/2

[Event "BCF-chT1a 0809 (4NCL)"]
[Site "England"]
[Date "2009.01.17"]
[Round "5.5"]
[White "Tissir, Mohamed"]
[Black "Edgell, Ben P"]
[Result "1-0"]
[WhiteElo "2466"]
[BlackElo "2101"]
[PlyCount "61"]
[EventDate "2008.10.04"]
[EventType "team-tourn"]
[EventRounds "7"]
[EventCountry "ENG"]
[SourceTitle "EXT 2010"]
[Source "ChessBase"]
[SourceDate "2010.11.25"]
[SourceVersion "1"]
[SourceVersionDate "2010.11.25"]
[SourceQuality "1"]
[WhiteTeam "Guildford II"]
[BlackTeam "Sambuca Sharks"]
[WhiteTeamCountry "ENG"]
[BlackTeamCountry "ENG"]

1. e4 e5 2. Nf3 Nc6 3. Bc4 Bc5 4. c3 Nf6 5. d3 a6 6. Nbd2 d6 7. Bb3 0-0 8. Nf1 h6 9. Ng3 Ba7 10. 0-0 Ne7 11. h3 Ng6 12. d4 c5 13. Re1 b5 14. Bc2 cxd4 15. cxd4 Bb7 16. Be3 Rc8 17. dxe5 Bxe3 18. exf6 Bxf2+ 19. Kxf2 Qxf6 20. Rb1 d5 21. Kg1 Qf4 22. Nh5 Qc7 23. Qd4 Qc5 24. Kh1 Qxd4 25. Nxd4 dxe4 26. Bxe4 Bxe4 27. Rxe4 Rfd8 28. b3 Rc5 29. Ng3 Rcd5 30. Nge2 Nf8 31. Rf1 1-0

[Event "BCF-chT3 0708 (4NCL)"]
[Site "Sunningdale"]
[Date "2007.09.16"]
[Round "2"]
[White "Harborne, Matthew J"]
[Black "Edgell, Ben P"]
[Result "1/2-1/2"]
[WhiteElo "2136"]
[BlackElo "2069"]
[PlyCount "46"]
[EventDate "2007.09.15"]
[EventType "team-tourn"]
[EventRounds "11"]
[EventCountry "ENG"]
[SourceTitle "CBM 120 Extra"]
[Source "ChessBase"]
[SourceDate "2007.11.01"]
[SourceVersion "1"]
[SourceVersionDate "2007.11.01"]
[SourceQuality "1"]
[WhiteTeam "Slough Sharks II"]
[BlackTeam "Slough Sharks III"]
[WhiteTeamCountry "ENG"]
[BlackTeamCountry "ENG"]

1. e4 e5 2. Nf3 Nc6 3. Bb5 Nf6 4. 0-0 Nxe4 5. d4 Nd6 6. Bxc6 dxc6 7. dxe5 Nf5 8. Qe2 Nd4 9. Nxd4 Qxd4 10. Rd1 Bg4 11. Rxd4 Bxe2 12. Nc3 Bh5 13. Bg5 Bc5 14. Rh4 Bg6 15. Na4 Bf8 16. c4 b6 17. b3 Bf5 18. Rd4 h6 19. Bh4 g5 20. Bg3 Rd8 21. Rad1 Rxd4 22. Rxd4 Bb4 23. Rd1 Ke7 1/2-1/2

[Event "BCF-chT3 0607 (4NCL)"]
[Site "Sunningdale"]
[Date "2007.05.05"]
[Round "9.1"]
[White "Bellin, Robert"]
[Black "Edgell, Ben P"]
[Result "1/2-1/2"]
[WhiteElo "2385"]
[BlackElo "2005"]
[PlyCount "51"]
[EventDate "2006.09.16"]
[EventType "team-tourn"]
[EventRounds "11"]
[EventCountry "ENG"]
[SourceTitle "EXT 2008"]
[Source "ChessBase"]
[SourceDate "2007.11.25"]
[SourceVersion "1"]
[SourceVersionDate "2007.11.25"]
[SourceQuality "1"]
[WhiteTeam "Cheddleton"]
[BlackTeam "Slough Sharks III"]
[WhiteTeamCountry "ENG"]
[BlackTeamCountry "ENG"]

1. Nf3 Nf6 2. g3 b6 3. Bg2 Bb7 4. 0-0 e6 5. c4 Be7 6. Nc3 0-0 7. Re1 c5 8. e4 d6 9. d4 cxd4 10. Nxd4 Qc7 11. b3 a6 12. Bb2 Nbd7 13. Rc1 Rac8 14. h3 Rfd8 15. Qd2 Qb8 16. Qe3 Nc5 17. b4 Ncd7 18. Bf1 Ne5 19. Na4 Bxe4 20. f4 Ned7 21. Nc3 Ba8 22. Nxe6 Qb7 23. Nd5 Nxd5 24. Nxd8 Rxd8 25. cxd5 Qxd5 26. Re2 1/2-1/2